000 01011nji a22002657a 4500
005 20100831102949.0
006 a|||||r|||||00| 0
007 sd ammalaaahaa
008 100830t xxu||||| |||| 00| 0 eng d
028 _aN 5959
_bHis Master's Voice
035 _aGR-293
040 _aSED
_cSED
100 _917455
_aBose, Sadhona
245 _aUrbasi nritya /
_cby Sadhona Bose ; music by Timrburan
_h[sound recording] :
246 _aउर्बसी नृत्य / सधोना बोस द्वारा
260 _aDum Dum, India
_bHis Master's Voice
300 _a1 sound disc [Gramophone Recording]:
_banalog, 33 1/3 rpm
_c9.5 in. (MP)
_fGramophone Record
500 _aBrief Record
505 _aSide-2 रसीला नृत्य (Raslila nritya) (Sadhona Bose)
650 _aClassical music
_zIndia
_91186
_xExcerpts
700 _917416
700 _917456
_aTimirburan
942 _2ddc
_cGR
999 _c43389
_d43389